Central Library OPAC University of Rajshahi

বাংলার লোকসংস্কৃতির বিশ্বকোষ / (Record no. 59394)

MARC details
000 -LEADER
fixed length control field 01064nam a2200241 a 4500
001 - CONTROL NUMBER
control field 59394
003 - CONTROL NUMBER IDENTIFIER
rucl marc code BD-RjUL
005 - DATE AND TIME OF LATEST TRANSACTION
control field 20211209080726.0
008 - FIXED-LENGTH DATA ELEMENTS--GENERAL INFORMATION
fixed length control field 161224s2004 ii ||||| |||| 00| 0 eng d
020 ## - INTERNATIONAL STANDARD BOOK NUMBER
Terms of availability : IRs. 400.00
035 ## - SYSTEM CONTROL NUMBER
System control number (BD-RjUL)59518
040 ## - CATALOGING SOURCE
Original cataloging agency BD-RjUL
Language of cataloging ben
Transcribing agency BD-RjUL
041 ## - LANGUAGE CODE
Language code of text/sound track or separate title ben
082 ## - DEWEY DECIMAL CLASSIFICATION NUMBER
Edition number 23
Classification number 398.209541403
Author mark and year BAN 2004
245 ## - TITLE STATEMENT
Title বাংলার লোকসংস্কৃতির বিশ্বকোষ /
Statement of responsibility, etc. সম্পাদক দুলাল চৌধুরী
260 ## - PUBLICATION, DISTRIBUTION, ETC. (IMPRINT)
Place of publication, distribution, etc. কলকাতা :
Name of publisher, distributor, etc. আকাদেমি অব ফোকলোর,
Date of publication, distribution, etc. ২০০৪
300 ## - PHYSICAL DESCRIPTION
Pagination [৮], ৫৭৬ পৃ.;
Size ২৪ সেমি.
504 ## - BIBLIOGRAPHY, ETC. NOTE
Bibliography, etc লেখকসূচি ও আনুবিভাগ নির্দেশিকা অন্তর্ভুক্ত
650 ## - SUBJECT ADDED ENTRY--TOPICAL TERM
Topical term or geographic name as entry element লোকসাহিত্য
Geographic subdivision বেঙ্গল
Form subdivision অভিধান
9 (RLIN) 176741
Topical term or geographic name as entry element Folk literature
Geographic subdivision Bengal
Form subdivision Dictionaries
9 (RLIN) 176742
700 ## - ADDED ENTRY--PERSONAL NAME
Personal name চৌধুরী, দুলাল, সম্পাদক
942 ## - ADDED ENTRY ELEMENTS (KOHA)
Source of classification or shelving scheme Dewey Decimal Classification
Koha item type Reference
Holdings
Lost status Source of classification or shelving scheme Damaged status Not for loan Collection code Permanent Location Current Location Shelving location Date acquired Source of acquisition Cost, normal purchase price Total Checkouts Full call number Date last seen Copy number Koha item type
  Dewey Decimal Classification   Not For Loan Reference Central Library, University of Rajshahi Central Library, University of Rajshahi   07/06/2007 Dhaka, pragon enterprises Ltd. 400.00   BR 398.209541403 BAN 2004 24/12/2016 C-1 Reference